|
|
|
|
| LEADER |
00000cam a22000002c 4500 |
| 001 |
1128318520 |
| 003 |
DE-627 |
| 005 |
20241112012656.0 |
| 007 |
tu |
| 008 |
970410s1968 xx ||||| 00| ||ger c |
| 035 |
|
|
|a (DE-627)1128318520
|
| 035 |
|
|
|a (DE-576)058318526
|
| 035 |
|
|
|a (DE-599)BSZ058318526
|
| 035 |
|
|
|a (OCoLC)180679252
|
| 040 |
|
|
|a DE-627
|b ger
|c DE-627
|e rakwb
|
| 041 |
|
|
|a ger
|
| 084 |
|
|
|a BU 8600
|2 rvk
|0 (DE-625)rvk/16937:
|
| 245 |
0 |
0 |
|a Kaleidoskop
|b Kurzformen moderner Prosa
|c ausgew. von Walter Urbanek
|
| 250 |
|
|
|a 5. Aufl.
|
| 264 |
|
1 |
|a Bamberg
|b Buchner
|c [ca. 1968]
|
| 300 |
|
|
|a 206 S.
|
| 336 |
|
|
|a Text
|b txt
|2 rdacontent
|
| 337 |
|
|
|a ohne Hilfsmittel zu benutzen
|b n
|2 rdamedia
|
| 338 |
|
|
|a Band
|b nc
|2 rdacarrier
|
| 490 |
1 |
|
|a Texte
|v 1
|
| 583 |
1 |
|
|a Archivierung prüfen
|c 20200919
|f DE-640
|z 2
|2 pdager
|
| 601 |
|
|
|a Kurzform
|
| 700 |
1 |
|
|8 1\p
|e Hrsg.
|0 (DE-588)117314773
|0 (DE-627)078751748
|0 (DE-576)288127331
|4 edt
|a Urbanek, Walter
|d 1919-2010
|
| 830 |
|
0 |
|a Texte
|v 1
|9 1,5
|w (DE-627)525737588
|w (DE-576)002395649
|w (DE-600)2274465-4
|7 am
|
| 883 |
|
|
|8 1\p
|a cgwrk
|d 20241001
|q DE-101
|u https://d-nb.info/provenance/plan#cgwrk
|
| 935 |
|
|
|a mteo
|
| 936 |
r |
v |
|a BU 8600
|b Mensch und Welt im Spiegel der Dichtung; Erzähl- und Vorlesematerial
|k Theologie und Religionswissenschaften
|k Religionspädagogik und Katechetik
|k Menschen als Adressaten und Partner von Erziehung, Unterweisung und Katechese
|k Mensch und Welt im Spiegel der Dichtung; Erzähl- und Vorlesematerial
|0 (DE-627)1270710249
|0 (DE-625)rvk/16937:
|0 (DE-576)200710249
|
| 951 |
|
|
|a BO
|
| ELC |
|
|
|b 1
|
| ORI |
|
|
|a SA-MARC-ixtheo_oa001.raw
|